MARC details
| 000 -LEADER |
| fixed length control field |
02868nam a22003857a 4500 |
| 001 - CONTROL NUMBER |
| control field |
104891 |
| 003 - CONTROL NUMBER IDENTIFIER |
| control field |
KnowledgeUnlatched |
| 005 - DATE AND TIME OF LATEST TRANSACTION |
| control field |
20210303105023.0 |
| 006 - FIXED-LENGTH DATA ELEMENTS--ADDITIONAL MATERIAL CHARACTERISTICS |
| fixed length control field |
m o d |
| 007 - PHYSICAL DESCRIPTION FIXED FIELD--GENERAL INFORMATION |
| fixed length control field |
cr u|||||||||| |
| 008 - FIXED-LENGTH DATA ELEMENTS--GENERAL INFORMATION |
| fixed length control field |
210129p20192019xx o u00| u ger d |
| 037 ## - SOURCE OF ACQUISITION |
| Institution to which field applies |
BiblioBoard |
| 020 ## - INTERNATIONAL STANDARD BOOK NUMBER |
| International Standard Book Number |
9783412151737 |
| 024 8# - OTHER STANDARD IDENTIFIER |
| Standard number or code |
https://doi.org/10.7788/9783412151737 |
| 029 1# - OTHER SYSTEM CONTROL NUMBER (OCLC) |
| OCLC library identifier |
https://library.biblioboard.com/ext/api/media/58876c77-3b1a-4420-ab1d-41a3baa98d48/assets/thumbnail.jpg |
| 040 ## - CATALOGING SOURCE |
| Original cataloging agency |
ScCtBLL |
| Transcribing agency |
ScCtBLL |
| 100 1# - MAIN ENTRY--PERSONAL NAME |
| Personal name |
Hilfiker, Franziska |
| Relator term |
author. |
| 245 00 - TITLE STATEMENT |
| Title |
Sea Spots |
| Remainder of title |
Perzeption und Repräsentation maritimer Räume im Kontext englischer und niederländischer Explorationen um 1600 / |
| Statement of responsibility, etc. |
Franziska Hilfiker. |
| 264 #1 - PRODUCTION, PUBLICATION, DISTRIBUTION, MANUFACTURE, AND COPYRIGHT NOTICE |
| Name of producer, publisher, distributor, manufacturer |
Böhlau, |
| 300 ## - PHYSICAL DESCRIPTION |
| Extent |
1 online resource (1 p.) |
| 506 0# - RESTRICTIONS ON ACCESS NOTE |
| Terms governing access |
Access copy available to the general public. |
| Standardized terminology for access restriction |
Unrestricted |
| Source of term |
star |
| 520 ## - SUMMARY, ETC. |
| Summary, etc. |
In the period around 1600, the rising navies of England and Holland made expeditions into distant waters of the Arctic and the Sudsee, or attempted to sail around the world via Magellan Strait. The sea and ship became contact zones as well as places of imagination and knowledge production. The exploration trips of the European maritime industry around 1600 produced a wealth of texts, images and cartographic works in which the experience and perception of the besgeded areas as well as conceptions were processed. In her book, the author argues that not only were terrestrial and insular destinations of travel recorded and recorded, in particular, new maritime spaces with their own individual qualities were included in the treasures of imagination and the contemporary body of knowledge. In the context of colonial competitions between existing and emerging maritime powers, effective maritime spaces of meaning - sea spots - were created, through which claims, identity, fear and power were debated and negotiated. The author negotiates the sea as a differentiated, mosaic-like space consisting of a dot grid (in fact as well as imagined and projected) imperial presence, thus illustrating the importance of maritime spaces in the context of early modern expansion. |
| 588 0# - SOURCE OF DESCRIPTION NOTE |
| Source of description note |
Description based on print version record. |
| 590 ## - LOCAL NOTE (RLIN) |
| Local note |
KU Open Services |
| 650 #7 - SUBJECT ADDED ENTRY--TOPICAL TERM |
| Topical term or geographic name entry element |
History / Polar Regions |
| Source of heading or term |
bisacsh |
| 650 #7 - SUBJECT ADDED ENTRY--TOPICAL TERM |
| Topical term or geographic name entry element |
History / Europe |
| Source of heading or term |
bisacsh |
| 650 #7 - SUBJECT ADDED ENTRY--TOPICAL TERM |
| Topical term or geographic name entry element |
History / Maritime History & Piracy |
| Source of heading or term |
bisacsh |
| 650 #0 - SUBJECT ADDED ENTRY--TOPICAL TERM |
| Topical term or geographic name entry element |
History |
| 655 #0 - INDEX TERM--GENRE/FORM |
| Genre/form data or focus term |
Electronic books. |
| 758 ## - |
| -- |
Is found in: |
| -- |
Knowledge Unlatched |
| -- |
https://openresearchlibrary.org/module/2774bc74-146a-484f-a7ba-ab1d6a09bbfb |
| 856 40 - ELECTRONIC LOCATION AND ACCESS |
| Uniform Resource Identifier |
<a href="https://openresearchlibrary.org/content/58876c77-3b1a-4420-ab1d-41a3baa98d48">https://openresearchlibrary.org/content/58876c77-3b1a-4420-ab1d-41a3baa98d48</a> |
| Public note |
View this content on Open Research Library. |
| -- |
0 |